Statistiken für Welche Stadt in Schleswig-Holstein?

Klicken Sie hier um das Quiz zu spielen!

Allgemein

  • Dieses Quiz wurde 2.114 mal gespielt
  • Das Durchschnittsergebnis liegt bei 9 aus 20

Antwortstatistiken

BeschreibungBuchstabeStadt% Korrekt
LandeshauptstadtKKiel
100%
Hier können Autofahrer Punkte sammelnFFlensburg
97%
Das Holstentor ist das Wahrzeichen dieser StadtLLübeck
93%
Eine Großstadt in Niedersachsen hat den gleichen Namen wie diese StadtOOldenburg in Holstein
76%
Westerland ist ein Ortsteil dieser Gemeinde, die den gleichen Namen wie die Insel trägt, auf der sie liegtSSylt
61%
In dieser Gemeinde zahlt man keine Mehrwertsteuer; sie trägt den gleichen Namen wie die Insel, auf der sie liegtHHelgoland
55%
Tim Mälzer wuchs in dieser an Hamburg grenzenden Kreisstadt aufPPinneberg
49%
Dies ist die einzige Stadt auf der gleichnamigen drittgrößten Insel DeutschlandsFFehmarn
48%
Diese Stadt wird auch Justizhauptstadt des Landes genanntSSchleswig
44%
Die "neuere Version" einer Großstadt in Nordrhein-WestfalenNNeumünster
40%
Diese Stadt ist die viertgrößte in Schleswig-Holstein und grenzt an HamburgNNorderstedt
37%
Diese Mittelstadt liegt an der Stör und zählt zu den ältesten Städten HolsteinsIItzehoe
32%
Eines der mondänsten Ostseebäder mit großem touristischem AngebotTTimmendorfer Strand
30%
Diese Kleinstadt ist vor allem bekannt durch das inzwischen stillgelegte KernkraftwerkBBrunsbüttel
24%
Hier ist Sportschule des Schleswig-Holsteinischen Fußballverbandes beheimatet, welche Bekanntheit als der Ort erlang, in welchem die deutsche Fußballnationalmannschaft traditionell ihr letztes Trainingslager vor Fußball-Weltmeisterschaften abhieltMMalente
24%
Die zweitgrößte Stadt Deutschlands mit diesem AnfangsbuchstabenQQuickborn
23%
Diese Mittelstadt an der Krückau ist die am dichtesten besiedelte Stadt in Schleswig-HolsteinEElmshorn
22%
Der Hansa-Park liegt in dieser Gemeinde an der OstseeSSierksdorf
19%
Diese an Hamburg grenzende Stadt ist die größte Stadt Schleswig-Holsteins, die an der Elbe liegtWWedel
17%
Diese Stadt an der Elbe ist überregional bekannt durch die traditionsreiche Matjes-ProduktionGGlückstadt
13%

Verteilung der Resultate

Perzentil nach korrekt beantworteten Fragen

Anzahl Personen mit jedem Resultat

Ihre Resultats-Entwicklung

Sie haben dieses Quiz noch nicht gespielt